Top 500 Most Subscribed YouTube Channels - Statistics

General Stats
  • This quiz has been taken 389 times
  • The average score is 21 of 500
Answer Stats
Place Subs Channel % Correct
5 127M MrBeast
86%
7 111M PewDiePie
72%
1 233M T-Series
68%
3 151M Cocomelon
46%
20 70.8M Justin Bieber
33%
99 35.1M YouTube
33%
41 50.6M Taylor Swift
32%
9 103M Like Nastya
26%
4 149M SET India
25%
12 92.3M Vlad and Niki
24%
168 28.5M Vlad and Niki
24%
11 92.6M WWE
24%
39 52.2M Ariana Grande
22%
14 83.8M BLACKPINK
22%
28 58.6M Dude Perfect
22%
104 34.2M Markiplier
22%
8 106M Kids Diana Show
20%
16 78.4M 5-Minute Crafts
19%
229 24M KSI
18%
207 25M Smosh
18%
318 20.3M Jake Paul
17%
57 43.7M Katy Perry
17%
237 23.6M Logan Paul
17%
65 40.8M Rihanna
17%
94 36M Bruno Mars
16%
38 52.8M Ed Sheeran
16%
160 29M jacksepticeye
16%
131 31.3M Dream
15%
6 117M Music
15%
24 64.2M Pinkfong
15%
13 91.3M Zee Music Company
15%
174 27.5M Drake
14%
250 23.3M Mark Rober
14%
58 43.6M A4
13%
19 73M BANGTANTV
13%
202 25.4M Beyonce
13%
22 66.3M Canal KondZilla
13%
184 26.3M DanTDM
13%
15 80.8M Goldmines
13%
139 30.6M MrBeast Gaming
13%
17 76M Sony SAB
13%
26 60.9M ChuChu TV
12%
264 22.6M Lady Gaga
12%
120 32.2M Selena Gomez
12%
23 65.2M Zee TV
12%
49 45M Bad Bunny
11%
27 59M Colors TV
11%
424 18M MrBeast 2
11%
70 39.6M Shakira
11%
334 20M Vevo
11%
45 47.2M Billie Eilish
10%
59 43.4M HolaSoyGerman
10%
21 69.5M HYBE LABELS
10%
177 27M Michael Jackson
10%
354 19.7M NBA
10%
198 25.6M Netflix
10%
81 37.8M One Direction
10%
405 18.4M Stokes Twins
10%
2 161M YouTube Movies
10%
154 29.4M Adele
9%
32 56.1M Marshmello
9%
206 25.1M Nicki Minaj
9%
235 23.8M Ninja
9%
105 34.1M Ryan's World
9%
453 17.5M Sidemen
9%
137 30.7M The Weeknd
9%
34 55.2M Aaj Tak
8%
484 16.8M Apple
8%
388 18.7M Cardi B
8%
290 21.4M Dua Lipa
8%
37 54.8M EminemMusic
8%
10 93.3M Gaming
8%
344 19.8M JennaMarbles
8%
46 47M JuegaGerman
8%
90 36.4M Maroon 5
8%
29 58.5M Movieclips
8%
362 19.4M shane
8%
56 43.7M Shemaroo
8%
18 75.1M Sports
8%
30 57M T-Series Bhakti Sagar
8%
47 46.3M Badabun
7%
296 21.1M Beast Reacts
7%
233 23.9M Brent Rivera
7%
52 44.3M BRIGHT SIDE
7%
223 24.4M Coldplay
7%
262 22.7M FaZe Rug
7%
50 44.8M Felipe Neto
7%
48 45.5M Fernanfloo
7%
234 23.8M James Charles
7%
251 23.2M Jelly
7%
384 18.9M Lil Nas X
7%
40 52.1M LooLoo Kids
7%
92 36.3M News
7%
297 21.1M nigahiga
7%
114 33.2M SSSniperWolf
7%
53 44.1M Voce Sabia
7%
409 18.3M Vsauce
7%
74 38.4M XXXTENTACION
7%
60 42.8M Alan Walker
6%
83 37.5M Daddy Yankee
6%
152 29.5M DONA
6%
36 54.8M El Reino Infantil
6%
392 18.6M FIFA
6%
55 43.9M Get Movies
6%
109 33.5M IndiaTV
6%
106 33.8M J Balvin
6%
133 31.2M Luis Fonsi
6%
89 36.4M Mikecrack
6%
267 22.5M Preston
6%
35 55.2M Sony Music India
6%
31 56.1M Tips Official
6%
210 24.9M WatchMojo
6%
33 55.5M Wave Music
6%
54 44M whinderssonnunes
6%
42 50.6M YRF
6%
270 22.4M Zhong
6%
75 38.4M ARY Digital HD
5%
495 16.6M Ben Azelart
5%
82 37.6M CarryMinati
5%
422 18.1M David Dobrik
5%
444 17.7M Dhar Mann
5%
68 40.4M elrubiusOMG
5%
91 36.3M HAR PAL GEO
5%
271 22.4M LankyBox
5%
63 42M Like Nastya Show
5%
145 29.9M Peppa Pig
5%
498 16.6M Queen
5%
335 20M REACT
5%
148 29.8M Shawn Mendes
5%
25 63.4M Shemaroo Filmi Gaane
5%
51 44.6M SonyMusicIndiaVEVO
5%
100 35.1M Sony PAL
5%
78 38.3M TheEllenShow
5%
77 38.3M Toys and Colors
5%
193 25.8M VanossGaming
5%
178 26.9M Wiz Khalifa
5%
62 42M ABS-CBN Entertainment
4%
339 19.9M Alejo Igoa
4%
256 23M America's Got Talent
4%
314 20.4M Avicii
4%
364 19.4M BETTER BOCUK
4%
43 49.5M BillionSurpriseToys
4%
285 21.6M Charlie Puth
4%
220 24.5M Chris Brown
4%
211 24.9M David Guetta
4%
205 25.2M Enaldinho
4%
247 23.3M Enrique Iglesias
4%
458 17.4M Fede Vigevani
4%
121 32.2M Galinha Pintadinha
4%
418 18.1M Good Mythical Morning
4%
76 38.3M GR6 EXPLODE
4%
44 48.3M Infobells - Hindi
4%
71 39.2M Ishtar Music
4%
191 25.9M Jess No Limit
4%
141 30.5M Jimmy Fallon
4%
164 28.9M KAROL G
4%
97 35.8M Like Nastya ESP
4%
67 40.5M Little Baby Bum
4%
73 38.6M LUCCAS NETO
4%
66 40.8M Masha and the Bear
4%
79 38.2M Masha and The Bear
4%
96 35.8M Ozuna
4%
215 24.8M Post Malone
4%
119 32.4M PowerKids TV
4%
128 31.4M rezendeevil
4%
87 36.9M shfa
4%
84 37.3M shfa2
4%
86 37.2M Super Simple Songs
4%
351 19.7M The Royalty Family
4%
103 34.3M Total Gaming
4%
101 35.1M Ultra Bollywood
4%
113 33.4M Vlad va Niki
4%
61 42.2M Voot Kids
4%
102 35M ABP NEWS
3%
470 17.1M Alan Chikin Chow
3%
479 17M Blippi
3%
390 18.7M Calvin Harris
3%
214 24.8M EminemVEVO
3%
107 33.6M Geet MP3
3%
473 17.1M Jason Derulo
3%
378 19M Jimmy Kimmel
3%
72 39.3M Kimberly Loaiza
3%
319 20.3M LazarBeam
3%
468 17.2M Liza Koshy
3%
161 29M Maluma
3%
98 35.3M Maria Clara & JP
3%
129 31.4M Mr Bean
3%
243 23.4M MrBeast en Espanol
3%
95 35.9M one31
3%
64 41.8M Speed Records
3%
441 17.7M SQUEEZIE
3%
269 22.4M TED
3%
170 28.3M TheDonato
3%
245 23.4M Troom Troom
3%
80 38M WorkpointOfficial
3%
451 17.5M YOLO
3%
167 28.6M Zee News
3%
293 21.1M Alan Becker
2%
426 18M Ali-A
2%
240 23.5M Anuel AA
2%
157 29.2M AuronPlay
2%
330 20.1M AuthenticGames
2%
134 31.1M BabyBus
2%
281 22M BabyBus
2%
369 19.3M BabyBus
2%
305 20.8M Becky G
2%
374 19.1M Britain's Got Talent
2%
118 32.5M Ch3Thailand
2%
462 17.3M Dangal TV Channel
2%
227 24.2M D Billions
2%
437 17.8M Demi Lovato
2%
132 31.3M DisneyMusicVEVO
2%
287 21.5M FGTeeV
2%
241 23.4M Frost Diamond
2%
140 30.6M Genevieve's Playhouse
2%
127 31.6M GENIAL
2%
153 29.4M GMANetwork
2%
348 19.7M Gordon Ramsay
2%
482 16.9M Guava Juice
2%
471 17.1M HowToBasic
2%
217 24.7M HUM TV
2%
474 17.1M IGN
2%
151 29.7M ImagineDragons
2%
412 18.2M INCRIVEL
2%
336 20M Infinite
2%
337 20M Junya
2%
125 31.7M JustinBieberVEVO
2%
216 24.7M KatyPerryVEVO
2%
249 23.3M Kids Roma Show
2%
112 33.4M La Granja de Zenon
2%
353 19.7M Linkin Park
2%
197 25.6M LosPolinesios
2%
169 28.5M Lucas and Marcus
2%
69 39.8M Luisito Comunica
2%
199 25.5M Marilia Mendonca
2%
342 19.9M Marvel Entertainment
2%
147 29.8M MR. INDIAN HACKER
2%
295 21.1M National Geographic
2%
306 20.7M NichLmao
2%
185 26.2M Nick Jr.
2%
115 33.1M NoCopyrightSounds
2%
282 21.9M OneDirectionVEVO
2%
465 17.2M PopularMMOs
2%
155 29.3M Popular on YouTube
2%
450 17.6M Porta dos Fundos
2%
373 19.1M Rafa & Luiz
2%
190 26.1M Renato Garcia YT
2%
355 19.6M Robin Hood Gamer
2%
122 31.9M Saregama Music
2%
253 23.1M Sesame Street
2%
420 18.1M Shorts Break
2%
278 22.2M Sia
2%
331 20M Skrillex
2%
130 31.3M SMTOWN
2%
286 21.6M SSundee
2%
135 30.9M Techno Gamerz
2%
85 37.2M TEDx Talks
2%
428 17.9M That Little Puff
2%
272 22.4M The Chainsmokers
2%
396 18.6M TheOdd1sOut
2%
357 19.6M Tilak
2%
142 30.5M Trap Nation
2%
110 33.5M T-Series Apna Punjab
2%
108 33.6M VEGETTA777
2%
273 22.3M YOLO AVENTURAS
2%
212 24.9M ZHC
2%
416 18.1M 7clouds
1%
144 30.1M AH
1%
475 17M Anitta
1%
195 25.7M BB Ki Vines
1%
117 32.7M Bollywood Classics
1%
146 29.8M Boram Tube Vlog
1%
176 27.2M Bounce Patrol
1%
322 20.2M BuzzFeedVideo
1%
307 20.7M Canal Canalha
1%
225 24.3M Chloe Ting
1%
403 18.5M CKN
1%
230 24M Collins Key
1%
377 19M CookieSwirlC
1%
352 19.7M Dan Rhodes
1%
166 28.7M Diana and Roma ESP
1%
231 23.9M DJ Snake
1%
294 21.1M Dushyant kukreja
1%
481 17M EeOneGuy
1%
500 16.6M El Reino a Jugar
1%
182 26.6M enchufetv
1%
407 18.4M Farruko
1%
346 19.8M Fatos Desconhecidos
1%
316 20.3M GMA Public Affairs
1%
289 21.4M Goldmines Cineplex
1%
93 36.2M Goldmines Gaane Sune Ansune
1%
365 19.3M Green Gold TV
1%
350 19.7M Gulshan Kalra
1%
358 19.6M Gusttavo Lima
1%
397 18.5M HiMan
1%
255 23M Indosiar
1%
171 28M James Corden
1%
138 30.6M Jingle Toons
1%
88 36.7M Jkk Entertainment
1%
276 22.3M Juan De Dios Pantoja
1%
187 26.2M JYP Entertainment
1%
338 19.9M Kids Channel India
1%
292 21.2M Kids TV
1%
340 19.9M Kurzgesagt
1%
434 17.8M Lele Pons
1%
248 23.3M Like Nastya AE
1%
284 21.8M Like Nastya PRT
1%
440 17.8M Lil Pump
1%
158 29.1M Little Angel
1%
313 20.4M Lyrical Lemonade
1%
459 17.4M Manual do Mundo
1%
423 18M Marmok
1%
432 17.9M Masha e o Urso
1%
194 25.8M Masha y el Oso
1%
291 21.2M Maya and Mary
1%
359 19.5M Minecraft - Topic
1%
254 23.1M Miss Katy
1%
242 23.4M Mister Max
1%
349 19.7M mujjuu___14
1%
239 23.5M netd muzik
1%
438 17.8M officialpsy
1%
124 31.8M Rajshri
1%
136 30.8M Ricis Official
1%
204 25.2M RihannaVEVO
1%
324 20.2M Romeo Santos
1%
165 28.8M Round2hell
1%
180 26.8M Sandeep Maheshwari
1%
280 22.2M shfa show India
1%
326 20.1M SlivkiShow
1%
277 22.3M Smile Family
1%
430 17.9M Sony AATH
1%
149 29.8M Spinnin' Records
1%
213 24.8M StarPlus
1%
222 24.4M Super JoJo
1%
162 29M Talking Tom
1%
196 25.7M TaylorSwiftVEVO
1%
309 20.6M Tekashi 6ix9ine
1%
393 18.6M The ACE Family
1%
486 16.8M TheBrianMaps
1%
236 23.7M The Lallantop
1%
159 29.1M Ultra Records
1%
463 17.3M unknown boy varun
1%
380 18.9M Vlad and Niki IDN
1%
472 17.1M Willyrex
1%
143 30.2M Worldwide Records Bhojpuri
1%
150 29.7M Wow Kidz
1%
443 17.7M Zach Choi ASMR
1%
192 25.8M 1MILLION Dance Studio
0%
221 24.4M 1theK
0%
303 20.8M 5-Minute Crafts DIY
0%
327 20.1M 5-Minute Crafts PLAY
0%
232 23.9M ABPLIVE
0%
188 26.2M Aditya Movies
0%
175 27.3M Aditya Music
0%
172 27.6M AhoFlah
0%
469 17.1M Al-Remas
0%
226 24.3M Amit Bhadana
0%
179 26.9M A.O.D
0%
455 17.5M Arab Games
0%
435 17.8M ArianaGrandeVevo
0%
371 19.2M AS Gaming
0%
163 29M ashish chanchlani vines
0%
494 16.6M Azhan5star
0%
304 20.8M Baim Paula
0%
492 16.7M Bizarrap
0%
310 20.6M Brave Wilderness
0%
487 16.7M Busy Fun Ltd
0%
366 19.3M Clash of Clans
0%
414 18.2M cognizant
0%
376 19M Crafty Panda
0%
203 25.3M Crazy XYZ
0%
126 31.6M CVS 3D
0%
360 19.4M Daniel LaBele
0%
408 18.3M Dan-Sa
0%
347 19.8M Deddy Corbuzier
0%
111 33.5M Desi Music Factory
0%
496 16.6M DeToxoMoroxo
0%
257 22.9M Diana and Roma ARA
0%
283 21.8M Diana and Roma EN
0%
219 24.6M Diana and Roma HIN
0%
298 21M Disney Latinoamerica
0%
370 19.2M DLS News
0%
485 16.8M Doggy Doggy Cartoons
0%
260 22.7M DrossRotzank
0%
317 20.3M Dr. Vivek Bindra
0%
387 18.7M DUDU e CAROL
0%
389 18.7M ElTrollino
0%
391 18.7M Emiway Bantai
0%
252 23.2M Erlania e Valentina Pontes
0%
123 31.9M Eros Now Music
0%
406 18.4M etvteluguindia
0%
325 20.2M Eva Bravo Play
0%
449 17.6M FactTechz
0%
315 20.4M Family GamesTV
0%
480 17M Gaby and Alex
0%
382 18.9M Genevieve's Playhouse Hindi
0%
421 18.1M GEN HALILINTAR
0%
266 22.6M GMM GRAMMY OFFICIAL
0%
224 24.3M Goldmines Bollywood
0%
186 26.2M Goldmines Dishoom
0%
446 17.6M Goldmines Great Indian Comedy
0%
263 22.7M Goldmines Movies
0%
343 19.8M Got Talent Global
0%
429 17.9M GRAMMY GOLD OFFICIAL
0%
341 19.9M HaerteTest
0%
244 23.4M Happy Lives
0%
385 18.9M Heidi & Zidane
0%
173 27.5M infobells - Tamil
0%
181 26.8M infobells - Telugu
0%
329 20.1M invictor
0%
464 17.3M Jane ASMR
0%
448 17.6M JFlaMusic
0%
368 19.3M JukiLop
0%
483 16.9M Katie Angel
0%
395 18.6M KBS WORLD TV
0%
116 33M KHANDESHI MOVIES
0%
367 19.3M Khan GS
0%
402 18.5M Kiddiestv Hindi
0%
312 20.5M Kinder Spielzeug Kanal
0%
298 25M Las Ratitas
0%
415 18.1M Like Nastya Vlog
0%
411 18.2M Little Angel Espanol
0%
454 17.5M LIV Crime
0%
460 17.3M Liziqi
0%
476 17M LuisFonsiVEVO
0%
379 19M MiawAug
0%
394 18.6M Miroshka TV
0%
491 16.7M MissaSinfonia
0%
275 22.3M mmoshaya
0%
328 20.1M Mnet K-POP
0%
439 17.8M Mother Goose Club Playhouse
0%
417 18.1M Naisa Alifia Yuriza
0%
321 20.3M Netflix India
0%
489 16.7M News24
0%
246 23.3M NickyJamTV
0%
356 19.6M Ninja Kidz TV
0%
345 19.8M Noor Stars
0%
381 18.9M Official Pink Panther
0%
279 22.2M Paulo Londra
0%
410 18.3M PDK Films
0%
332 20M Pencilmation
0%
261 22.7M Pen Movies
0%
333 20M Pentatonix
0%
265 22.6M Peppa Pig Espanol Latino
0%
488 16.7M Prajapati News
0%
201 25.4M Raffy Tulfo
0%
218 24.7M Rans Entertainment
0%
431 17.9M RKD Studios
0%
445 17.6M RobleisIUTU
0%
302 20.8M Rotana
0%
425 18M RsiamMusic
0%
383 18.9M SCTV
0%
442 17.7M Sebastian Yatra
0%
404 18.4M shakiraVEVO
0%
452 17.5M Shemaroo Comedy
0%
200 25.5M Shemaroo Movies
0%
400 18.5M Sidhu Moose Wala
0%
461 17.3M Smile Family Spanish
0%
490 16.7M SMOL
0%
427 18M SOMOY TV
0%
386 18.8M Sonotek
0%
466 17.2M SonyMusicSouthVEVO
0%
372 19.1M Sourav Joshi Vlogs
0%
457 17.4M Stubborn Facts
0%
308 20.6M Sun TV
0%
433 17.9M SUPER SLICK SLIME SAM
0%
478 17M tanboy kun
0%
299 21M Tasty
0%
259 22.8M Technical Guruji
0%
419 18.1M TED-Ed
0%
436 17.8M TheGrefg
0%
398 18.5M TheWillyrex
0%
311 20.5M Tlnovelas
0%
323 20.2M Totoy kids - Portugues
0%
183 26.4M toycantando
0%
156 29.2M toyoraljana
0%
300 20.9M toyorbabytv
0%
228 24.2M TRANS7 OFFICIAL
0%
497 16.6M TRANS TV
0%
456 17.4M Triggered Insaan
0%
363 19.4M Troom Troom Es
0%
375 19.1M TRT Originals Urdu
0%
493 16.7M Tu COSMOPOLIS
0%
399 18.5M Turma da Monica
0%
288 21.5M Ultra Movie Parlour
0%
413 18.2M Unbox Therapy
0%
320 20.3M Vania Mania Kids
0%
258 22.9M Venus Movies
0%
401 18.5M Vijay Television
0%
361 19.4M Village Cooking Channel
0%
301 20.9M Vlad and Niki Arabic
0%
447 17.6M Vlad and Niki ESP
0%
274 22.3M Wave Music Bhojpuri
0%
238 23.6M WB Kids
0%
268 22.4M White Hill Music
0%
189 26.2M WORLDSSTARHIPHOP
0%
499 16.6M Wow Kidz Action
0%
209 24.9M Yuya
0%
477 17M zbing z
0%
467 17.2M Zuni and Family
0%
No matching quizzes found
Score Distribution
Percent of People with Each Score
Percentile by Number Answered
Your Score History
You have not taken this quiz